Analytic versus continental (Record no. 753303)

MARC details
000 -LEADER
fixed length control field 00832nam a2200265Ia 4500
003 - CONTROL NUMBER IDENTIFIER
control field OSt
005 - DATE AND TIME OF LATEST TRANSACTION
control field 20220928114200.0
008 - FIXED-LENGTH DATA ELEMENTS--GENERAL INFORMATION
fixed length control field 220927b |||||||| |||| 00| 0 eng d
037 ## - SOURCE OF ACQUISITION
Terms of availability Textual
040 ## - CATALOGING SOURCE
Original cataloging agency SDCL
Transcribing agency SDCL
Language of cataloging eng
041 ## - LANGUAGE CODE
Source of code eng
Language code of text/sound track or separate title eng
100 ## - MAIN ENTRY--PERSONAL NAME
Personal name Chase James
9 (RLIN) 437362
245 #0 - TITLE STATEMENT
Title Analytic versus continental
Remainder of title Arguments on the methods and value of philosophy.
260 ## - PUBLICATION, DISTRIBUTION, ETC.
Place of publication, distribution, etc. Durham
Name of publisher, distributor, etc. Acumen
Date of publication, distribution, etc. 2011
300 ## - PHYSICAL DESCRIPTION
Extent viii,294p.
Dimensions cm.
650 ## - SUBJECT ADDED ENTRY--TOPICAL TERM
Topical term or geographic name entry element Philosophy
700 ## - ADDED ENTRY--PERSONAL NAME
Personal name Reynolds Jack
9 (RLIN) 437363
942 ## - ADDED ENTRY ELEMENTS (KOHA)
Classification part R37, Q1
Koha item type Textual
Source of classification or shelving scheme Colon Classification (CC)
Holdings
Withdrawn status Lost status Damaged status Not for loan Home library Current library Date acquired Source of acquisition Cost, normal purchase price Total Checkouts Full call number Barcode Date last seen Cost, replacement price Price effective from Koha item type
        South Campus Library South Campus Library 2022-09-28 265, 25/02/2011, Pioneer Book Distributors 1258.96   R37 Q1 SC1471573 2022-09-28 1258.96 2022-09-28 Textual
Copyright @ Delhi University Library System